[Event "GM Turnier"]
[Site "Linz"]
[Date "1997.05.17"]
[Round "1"]
[White "Almasi, Zoltan"]
[Black "Lanka, Zigurds"]
[Result "1-0"]
[WhiteElo "2595"]
[BlackElo "2575"]
[PlyCount "77"]
[EventDate "1997.05.17"]

1. e4 c5 2. Nf3 Nc6 3. d4 cxd4 4. Nxd4 Nf6 5. Nc3 d6 6. Bg5 e6 7. Qd2 a6 8.
O-O-O h6 9. Be3 Bd7 10. f3 Qc7 11. g4 Ne5 12. Kb1 b5 13. Bd3 Nc4 14. Bxc4 Qxc4
15. h4 g6 16. Nb3 b4 17. Ne2 a5 18. Ng3 a4 19. Nc1 e5 20. g5 hxg5 21. hxg5 Rxh1
22. Rxh1 Nh5 23. Nxh5 gxh5 24. b3 Qb5 25. Rxh5 Be6 26. Rh8 O-O-O 27. g6 fxg6
28. Bg5 Re8 29. Nd3 d5 30. Bf6 dxe4 31. fxe4 Qc6 32. Bxe5 Qb6 33. Qf4 Qd8 34.
Qe3 Kb7 35. Rh7+ Re7 36. Bf6 Rxh7 37. Bxd8 Rh1+ 38. Nc1 Kc8 39. Qf3 1-0

[Event "GM Turnier"]
[Site "Linz"]
[Date "1997.05.17"]
[Round "1"]
[White "Glek, Igor"]
[Black "Romanishin, Oleg"]
[Result "1/2-1/2"]
[WhiteElo "2620"]
[BlackElo "2555"]
[PlyCount "85"]
[EventDate "1997.05.17"]

1. e4 c5 2. Nf3 e6 3. d3 Nc6 4. g3 Nge7 5. h4 h6 6. h5 d6 7. Bh3 Ng8 8. Nbd2
Nf6 9. Nh4 Be7 10. f4 Bd7 11. Ng2 Qc7 12. Ne3 O-O-O 13. c3 d5 14. e5 Nxe5 15.
fxe5 Qxe5 16. Kf2 Nxh5 17. Nef1 Nf6 18. Nf3 Qc7 19. Bf4 Qb6 20. Ne5 Be8 21. Qb3
Qa6 22. Qc2 g5 23. Bd2 Bd6 24. Ng4 Ng8 25. Kg1 f5 26. Nf2 Nf6 27. Re1 Bd7 28.
b4 Kb8 29. Qb2 c4 30. b5 Qa4 31. Bg2 Ba3 32. Qb1 cxd3 33. Nxd3 Ne4 34. Be3 Bxb5
35. Bd4 Rh7 36. Ne5 Bxf1 37. Bxf1 Nd6 38. Nf3 Qd7 39. Qb3 Qc7 40. Qxa3 Nb5 41.
Bxb5 Qxg3+ 42. Kf1 Qxf3+ 43. Kg1 1/2-1/2

[Event "GM Turnier"]
[Site "Linz"]
[Date "1997.05.17"]
[Round "1"]
[White "Casagrande, Harald"]
[Black "Wach, Markus"]
[Result "0-1"]
[WhiteElo "2365"]
[BlackElo "2415"]
[PlyCount "80"]
[EventDate "1997.05.17"]

1. d4 d5 2. Nf3 Nf6 3. Bg5 c6 4. Nbd2 Bf5 5. e3 Qb6 6. Rb1 Nbd7 7. Bd3 Bxd3 8.
cxd3 Qa6 9. Qb3 e6 10. O-O h6 11. Bh4 Bd6 12. Rfc1 Nh5 13. Qc3 g5 14. Bg3 Nxg3
15. hxg3 f6 16. b4 Qb5 17. e4 O-O 18. e5 Be7 19. exf6 Rxf6 20. Ne5 Nxe5 21.
dxe5 Rf7 22. Nf3 Bf8 23. Nd4 Qb6 24. a4 Re8 25. a5 Qc7 26. Nb3 Qe7 27. Nc5 Rc8
28. a6 bxa6 29. Ra1 Qe8 30. Rxa6 Rfc7 31. Rca1 Qf7 32. d4 Rb8 33. Nd3 Rbb7 34.
R1a4 Qf5 35. Rxc6 Rxc6 36. Qxc6 Qxd3 37. Qxe6+ Kh8 38. Qxd5 Qd1+ 39. Kh2 Rc7
40. Ra6 Qh5+ 0-1

[Event "GM Turnier"]
[Site "Linz"]
[Date "1997.05.18"]
[Round "2"]
[White "Lanka, Zigurds"]
[Black "Wach, Markus"]
[Result "1-0"]
[WhiteElo "2575"]
[BlackElo "2415"]
[PlyCount "79"]
[EventDate "1997.05.18"]

1. e4 c6 2. d4 d5 3. exd5 cxd5 4. c4 Nf6 5. Nc3 Nc6 6. Bg5 e6 7. Nf3 Be7 8. c5
O-O 9. Bb5 Ne4 10. Bxe7 Qxe7 11. O-O Ng5 12. Ne1 Bd7 13. f3 h6 14. Nd3 Qf6 15.
Ne5 Be8 16. f4 Ne4 17. Bd3 Nxe5 18. fxe5 Qg5 19. Bxe4 dxe4 20. Qe2 Bc6 21. Nxe4
Qh4 22. Rae1 Rad8 23. Qe3 Qg4 24. Rf4 Qg6 25. h3 h5 26. Kh2 Rd7 27. Qf2 Bxe4
28. Rexe4 Rfd8 29. b4 a6 30. Qe3 Qg5 31. h4 Qh6 32. Qf2 Qg6 33. a3 Rd5 34. Qf3
R8d7 35. a4 Qh6 36. Qe2 Qh8 37. c6 Rc7 38. cxb7 Rxb7 39. Qxa6 Rxb4 40. Qa7 1-0

[Event "GM Turnier"]
[Site "Linz"]
[Date "1997.05.18"]
[Round "2"]
[White "Romanishin, Oleg"]
[Black "Casagrande, Harald"]
[Result "1-0"]
[WhiteElo "2555"]
[BlackElo "2365"]
[PlyCount "75"]
[EventDate "1997.05.18"]

1. Nf3 c5 2. g3 b6 3. Bg2 Bb7 4. O-O Nf6 5. c4 Nc6 6. Nc3 g6 7. e3 Bg7 8. d4
cxd4 9. exd4 O-O 10. Re1 d5 11. Ne5 e6 12. Bg5 Ne7 13. cxd5 Bxd5 14. Nxd5 exd5
15. Qa4 Qd6 16. Bf4 Nh5 17. Bd2 a5 18. Rac1 Rfc8 19. Rxc8+ Rxc8 20. b4 Nf5 21.
bxa5 b5 22. Qxb5 Nxd4 23. Qb7 Rc7 24. Qa8+ Qf8 25. Qxd5 Nc2 26. Nd7 Nf6 27.
Nxf6+ Bxf6 28. Rc1 Bb2 29. Rb1 Bd4 30. a6 Rc5 31. Qe4 Rf5 32. Qxc2 Rxf2 33. Kh1
Qd6 34. Qd3 Rxg2 35. Kxg2 Qd5+ 36. Qf3 Qxa2 37. Rd1 Qxa6 38. Bh6 1-0

[Event "GM Turnier"]
[Site "Linz"]
[Date "1997.05.19"]
[Round "3"]
[White "Casagrande, Harald"]
[Black "Beim, Valeri"]
[Result "0-1"]
[WhiteElo "2365"]
[BlackElo "2555"]
[PlyCount "84"]
[EventDate "1997.05.19"]

1. e4 g6 2. h4 d5 3. exd5 Qxd5 4. h5 Bg7 5. Nc3 Qa5 6. Bc4 Nc6 7. Nge2 Bg4 8.
f3 Bf5 9. d3 Ne5 10. Bb3 O-O-O 11. h6 Bf8 12. Be3 c5 13. Rh4 e6 14. Qd2 f6 15.
Ra4 Qb6 16. f4 Nc6 17. O-O-O Nxh6 18. Ng3 Nd4 19. Nge4 Ng4 20. Rc4 Bxe4 21.
Nxe4 Be7 22. Bg1 Kb8 23. Nc3 a6 24. Re1 Nxb3+ 25. axb3 Qc6 26. Qe2 f5 27. Qxe6
Qxe6 28. Rxe6 Rhe8 29. Bxc5 Bxc5 30. Rxe8 Be3+ 31. Rxe3 Nxe3 32. Rc5 Nxg2 33.
Ne2 h5 34. Re5 h4 35. Re6 Rg8 36. Re7 Rh8 37. Rg7 Rh6 38. Ng1 Nxf4 39. Nf3 h3
40. Nh2 Rh8 41. Re7 Rh5 42. Kd2 Rg5 0-1

[Event "GM Turnier"]
[Site "Linz"]
[Date "1997.05.19"]
[Round "3"]
[White "Wach, Markus"]
[Black "Romanishin, Oleg"]
[Result "1/2-1/2"]
[WhiteElo "2415"]
[BlackElo "2555"]
[PlyCount "72"]
[EventDate "1997.05.19"]

1. e4 e5 2. Nf3 Nc6 3. Bb5 a6 4. Bxc6 dxc6 5. O-O f6 6. d4 exd4 7. Nxd4 c5 8.
Nb3 Qxd1 9. Rxd1 Bg4 10. f3 Be6 11. Be3 b6 12. Nc3 Ne7 13. Bf4 Rc8 14. a4 Ng6
15. Bg3 Ne5 16. Nd5 Bxd5 17. Rxd5 Nc6 18. c3 Be7 19. Rad1 Rf8 20. Rh5 h6 21.
Kf1 Rf7 22. Rhd5 Bf8 23. h4 Ne7 24. R5d2 Nc6 25. h5 Nd8 26. Na1 Nb7 27. Nc2 Rd8
28. Rxd8+ Nxd8 29. Ne3 Rd7 30. Nd5 Ne6 31. Ke2 Be7 32. f4 Bd8 33. Ne3 Rxd1 34.
Kxd1 c6 35. Ke2 b5 36. Kf3 c4 1/2-1/2

[Event "GM Turnier"]
[Site "Linz"]
[Date "1997.05.20"]
[Round "4"]
[White "Lanka, Zigurds"]
[Black "Romanishin, Oleg"]
[Result "1/2-1/2"]
[WhiteElo "2575"]
[BlackElo "2555"]
[PlyCount "229"]
[EventDate "1997.05.19"]

1. e4 1... e5 2. Nf3 Nc6 3. Bb5 a6 4. Ba4 Nf6 5. O-O Be7 6. Re1 b5 7. Bb3 d6 8.
c3 O-O 9. h3 Na5 10. Bc2 c5 11. d4 Bb7 12. d5 Nc4 13. b3 Nb6 14. a4 Bc8 15. Na3
Bd7 16. Be3 Qb8 17. Kh1 g6 18. a5 Nc8 19. b4 c4 20. Bh6 Re8 21. Qd2 Qc7 22. Rg1
Bf8 23. g4 Bxh6 24. Qxh6 Qd8 25. Raf1 Qe7 26. Nd2 Kh8 27. Qe3 g5 28. f3 Ng8 29.
Rf2 f6 30. Rh2 Qg7 31. h4 h6 32. Nf1 gxh4 33. Rxh4 Qg5 34. Qf2 Re7 35. Rh5 Qg7
36. Ne3 Qf8 37. f4 Qe8 38. f5 Rg7 39. Qh2 Qe7 40. Nb1 Be8 41. Rh3 Qa7 42. Nd2
Rh7 43. Bd1 Rb8 44. Rg2 Rbb7 45. Qg1 Rbg7 46. Nf3 Nce7 47. Qf2 Nc8 48. Kg1 Nce7
49. Kf1 Nc8 50. Ke1 Nce7 51. Kd2 Nc8 52. Qe1 Qc7 53. Qh1 Qa7 54. Rgh2 Qe7 55.
Rh4 Qf7 56. Ng1 Qe7 57. Bf3 Rg5 58. Be2 Rgg7 59. Nf3 Qf7 60. Kc2 Qa7 61. Qc1
Qe7 62. Qd2 Qa7 63. Ng2 Qe7 64. Qe3 Qf7 65. R4h3 Qf8 66. Ngh4 Rxg4 67. Nd2 Rg5
68. Nhf3 Rgg7 69. Nf1 Qe7 70. Qd2 Qa7 71. Ne3 Nce7 72. Rh1 Nc8 73. Nh2 Rg5 74.
Bg4 Qg7 75. Rh4 Qa7 76. Nf3 Rgg7 77. Bh5 Bxh5 78. Rxh5 Nce7 79. R1h3 Qb8 80.
Qf2 Qf8 81. Qh4 Qf7 82. Rh2 Qf8 83. Kb2 Qf7 84. Ng4 Nc8 85. Nxh6 Nxh6 86. Rxh6
Rxh6 87. Qxh6+ Rh7 88. Qd2 Rxh2 89. Qxh2+ Qh7 90. Qg3 Qh6 91. Ne1 Kh7 92. Nc2
Qg7 93. Qh2+ Qh6 94. Qg1 Qg7 95. Qd1 Qg5 96. Qf3 Kg7 97. Ne3 Kf7 98. Kc2 Ke7
99. Kd2 Kd7 100. Ke2 Ne7 101. Ng4 Ng8 102. Qh3 Ke8 103. Nf2 Nh6 104. Qf3 Ke7
105. Kd1 Qg1+ 106. Kd2 Qg5+ 107. Kc2 Kf7 108. Qh3 Ke7 109. Nd1 Qf4 110. Qg2 Nf7
111. Qe2 Ng5 112. Nf2 Qh2 113. Kd1 Qg3 114. Kc2 Qh2 115. Kd1 1/2-1/2

[Event "GM Turnier"]
[Site "Linz"]
[Date "1997.05.23"]
[Round "7"]
[White "Casagrande, Harald"]
[Black "Rogers, Ian"]
[Result "0-1"]
[WhiteElo "2365"]
[BlackElo "2600"]
[PlyCount "114"]
[EventDate "1997.05.23"]

1. c4 c5 2. g3 g6 3. Bg2 Bg7 4. Nc3 Nc6 5. Nf3 e5 6. O-O Nge7 7. b3 d6 8. Bb2
O-O 9. e3 f5 10. Ne1 Be6 11. Nd5 Rb8 12. Nc2 b5 13. d3 Bf7 14. Nxe7+ Nxe7 15.
Qe2 a6 16. f4 bxc4 17. dxc4 e4 18. Bxg7 Kxg7 19. Rfd1 Nc8 20. Na3 Qf6 21. Rac1
g5 22. Nb1 gxf4 23. gxf4 Kh6 24. Qf2 Bh5 25. Rd2 Rb7 26. Nc3 Rg7 27. Ne2 Bxe2
28. Qxe2 Rfg8 29. Qe1 Rg6 30. Kh1 Kg7 31. Bh3 Ne7 32. Rcd1 Kf7 33. Rg2 Rxg2 34.
Bxg2 Qb2 35. Qd2 Qxd2 36. Rxd2 Ke6 37. Kg1 a5 38. Kf2 a4 39. bxa4 Ra8 40. Kg3
Rxa4 41. Bf1 Ra3 42. Kf2 Nc6 43. h4 Nb4 44. h5 h6 45. Bh3 Rxa2 46. Rxa2 Nxa2
47. Ke2 Nb4 48. Kd2 Nc6 49. Kc3 Ne7 50. Bf1 Ng8 51. Be2 Nf6 52. Bd1 Ng4 53. Kd2
d5 54. cxd5+ Kxd5 55. Bb3+ c4 56. Ba4 Nf6 57. Bd1 Kc5 0-1

[Event "GM Turnier"]
[Site "Linz"]
[Date "1997.05.24"]
[Round "8"]
[White "Rogers, Ian"]
[Black "Wach, Markus"]
[Result "1-0"]
[WhiteElo "2600"]
[BlackElo "2415"]
[PlyCount "59"]
[EventDate "1997.05.24"]

1. e4 c6 2. d4 d5 3. Nc3 dxe4 4. Nxe4 Nd7 5. Nf3 Ngf6 6. Nxf6+ Nxf6 7. Ne5 Be6
8. Be2 g6 9. O-O Bg7 10. c4 O-O 11. Be3 Ne4 12. f4 Nd6 13. b3 Qa5 14. Qc2 Rad8
15. Rad1 Bf5 16. Qb2 Be4 17. a4 Qc7 18. Bf2 a6 19. Rfe1 f6 20. Nd3 b6 21. c5
Nc8 22. cxb6 Nxb6 23. Nc5 Bd5 24. Bxa6 Qxf4 25. Bg3 Qg4 26. Bc7 Nd7 27. Bxd8
Nxc5 28. dxc5 Rxd8 29. Qe2 Qg5 30. Rxd5 1-0

[Event "GM Turnier"]
[Site "Linz"]
[Date "1997.05.24"]
[Round "8"]
[White "Glek, Igor"]
[Black "Casagrande, Harald"]
[Result "1-0"]
[WhiteElo "2620"]
[BlackElo "2365"]
[PlyCount "81"]
[EventDate "1997.05.24"]

1. e4 d5 2. exd5 Nf6 3. d4 Nxd5 4. Nf3 Bg4 5. Be2 e6 6. Ne5 Bxe2 7. Qxe2 Nc6 8.
Nxc6 bxc6 9. O-O Qh4 10. c4 Nf6 11. Qf3 Qe4 12. Nd2 Qxf3 13. Nxf3 c5 14. d5
exd5 15. Re1+ Be7 16. Bf4 d4 17. Bxc7 Kf8 18. Re2 Ne8 19. Bf4 h6 20. Rae1 Bf6
21. h4 h5 22. Ne5 g6 23. g3 Kg7 24. Nd3 Rc8 25. b3 Nc7 26. Nxc5 Nd5 27. Nd3 Nc3
28. Rc2 Rhe8 29. Rxe8 Rxe8 30. Kf1 Re6 31. c5 Kf8 32. Bd2 Ke8 33. Nf4 Rc6 34.
b4 a5 35. a3 axb4 36. axb4 Nb5 37. Ra2 Bd8 38. Ke2 Kd7 39. Kd3 Rf6 40. Kc4 Nc7
41. b5 1-0

[Event "GM Turnier"]
[Site "Linz"]
[Date "1997.05.25"]
[Round "9"]
[White "Casagrande, Harald"]
[Black "Lanka, Zigurds"]
[Result "1/2-1/2"]
[WhiteElo "2365"]
[BlackElo "2575"]
[PlyCount "23"]
[EventDate "1997.05.25"]

1. d4 Nf6 2. Nf3 g6 3. c4 Bg7 4. Nc3 d5 5. cxd5 Nxd5 6. e4 Nxc3 7. bxc3 c5 8.
Be2 Nc6 9. Be3 Qa5 10. Qd2 cxd4 11. cxd4 Qxd2+ 12. Kxd2 1/2-1/2